000 00903cab a2200265 4500
001 ABS46073
008 090401t1992 xxu||||| |||| 00| 0 eng d
035 _a(Sirsi) u56701
041 _aeng
100 _aGarbutt, J.
245 _aLenders and the environment - pitfalls for the unwary
260 _c1992
350 _a0
490 _aCBSI Journal
_vMarch 1992, 12-14(3)
520 _aConsiders some of the pitfalls for the unwary lender of lending to businesses and on property that have environmentally high profiles. Provides an outline of a defensive stratgegy.
650 _aENVIRONMENTAL LIABILITY
650 _aLIABILITY
650 _aMORTGAGE LENDERS
650 _aMORTGAGE LENDING
690 _aPROPERTY-COMMERCIAL PROPERTY-COMMERCIAL PROPERTY FINANCE AND INVESTMENT
690 _aEnvironment
_96238
690 _aFINANCE AND INVESTMENT
942 _n0
948 _c04/03/1997
999 _c34607
_d34607